• 首页
  • 本馆介绍
  • 公告通知
  • 最新文献
  • 馆藏检索
  • 电子资源
  • 读者导购
  • 参考咨询
  • 我的图书馆
  • 登录
  • 详细信息显示
  • 放入我的书架
  • 预约/预借图书
  • 作者相关作品
  • 分类相关作品
  • 丛书相关作品
  • 出版社相关作品

书目信息

  • 表格格式
  • 工作单格式
  • 卡片格式
题名:
理解学前儿童心理发展
    
 
作者: 查尔斯沃思 著 ;王思睿 译
分册:  
出版信息: 北京   中国轻工业出版社  2019
页数: 11,454页
开本: 26cm
丛书名:
单 册:
中图分类: B844.12 , B844.1
科图分类:
主题词: 学前儿童--儿童心理学
电子资源:
ISBN: 978-7-5184-2535-8
000 01265nam0 2200277 450
001 2040650133
005 20201202111748.45
010    @a978-7-5184-2535-8@dCNY98.00
100    @a20200605d2019 em y0chiy50 ea
101 1  @achi@ceng
102    @aCN@b110000
105    @aa z 000yy
200 1  @a理解学前儿童心理发展@9li jie xue qian er tong xin li fa zhan@b专著@dUnderstanding child development@f(美)Rosalind Charlesworth著@g王思睿[等]译@zeng
210    @a北京@c中国轻工业出版社@d2019
215    @a11,454页@c图,照片@d26cm
304    @a译者还有:孙梦、封周奇、陈叶梓
305    @a由圣智学习出版公司授权出版 据原书第10版译出
330    @a本书包含六大部分,共14章。第一部分对幼儿、儿童发展理论以及幼儿研究方法进行了描述。第二部分重点关注幼儿的学习,这些学习成分如何被运用在孩子从出生到8岁这个阶段。第三部分讲述了孩子从出生前到婴儿期,上幼儿园,上学前班,再到上小学低年级的这段岁月,重点关注儿童身体、运动与健康、认知以及情感领域的发展。
510 1  @aUnderstanding child development@zeng
606 0  @a学前儿童@x儿童心理学
690    @aB844.12@v5
690    @aB844.1@v4
701  0 @c(美)@a查尔斯沃思@9zha er si wo si@c(Charlesworth, Rosalind)@4著
702  0 @a王思睿@9wang si rui@4译
801  2 @aCN@b58marc.cn@c20200607
905    @aZUCC@dB844.1@e25
    
    理解学前儿童心理发展=Understanding child development/(美)Rosalind Charlesworth著/王思睿[等]译.-北京:中国轻工业出版社,2019
    11,454页:图,照片;26cm
    
    
    ISBN 978-7-5184-2535-8:CNY98.00
    本书包含六大部分,共14章。第一部分对幼儿、儿童发展理论以及幼儿研究方法进行了描述。第二部分重点关注幼儿的学习,这些学习成分如何被运用在孩子从出生到8岁这个阶段。第三部分讲述了孩子从出生前到婴儿期,上幼儿园,上学前班,再到上小学低年级的这段岁月,重点关注儿童身体、运动与健康、认知以及情感领域的发展。
●
相关链接 在五车中查询图书 在当当中查询图书 在豆瓣中查询图书


正题名:理解学前儿童心理发展     索取号:B844.1/25         预约/预借

序号 登录号 条形码 馆藏地/架位号 状态 备注
1 2000874707   2000874707   第二书库/ [索取号:B844.1/25] 在馆    
2 2000874708   2000874708   第二书库/ [索取号:B844.1/25] 在馆    
3 2000874709   2000874709   第二书库/ [索取号:B844.1/25] 在馆    
山东省滨州职业学院图书馆 欢迎您!
大连网信软件有限公司© 版权所有